Atlas d'arboriculture fruitière; T1 Généralité
Uloženo v:
| Hlavní autor: | |
|---|---|
| Médium: | Kniha |
| Jazyk: | Undetermined |
| Vydáno: |
Paris
J. B. Baillière
1963
|
| Témata: | |
| Tagy: |
Přidat tag
Žádné tagy, Buďte první, kdo otaguje tento záznam!
|
| Thư viện lưu trữ: | Trung tâm Học liệu Trường Đại học Cần Thơ |
|---|
| LEADER | 00516nam a2200193Ia 4500 | ||
|---|---|---|---|
| 001 | CTU_13207 | ||
| 008 | 210402s9999 xx 000 0 und d | ||
| 082 | |a 634.04 | ||
| 082 | |b B844/T1 | ||
| 100 | |a Jean Bretaudeau | ||
| 245 | 0 | |a Atlas d'arboriculture fruitière; T1 | |
| 245 | 0 | |b Généralité | |
| 245 | 0 | |c Jean Bretaudeau | |
| 260 | |a Paris | ||
| 260 | |b J. B. Baillière | ||
| 260 | |c 1963 | ||
| 650 | |a fruit trees | ||
| 904 | |i Minh, 961123 | ||
| 980 | |a Trung tâm Học liệu Trường Đại học Cần Thơ | ||